1997 1520 1066 1375 1479 1564 1056 1464 1164 1749 1720 1138 1430 1479 1564 1781 1821 1575 1725 1280 1521 1202 1414 1387 1577 1288 1511 1319 1354 1439 1946 1478 1520 1654 1003 1447 1779 1103 1317 1770 1627 1191 1483 1079 1309 1756 1739 1020 1286 1502 1608 1815 1600 1578 1408 1811 1405 1172 1513 1726 1772 1075 1715 1768 1771 1291 1220 1766 1024 1737 1692 1467 1550 1985 1893 1884 1193 1173 1056 1910 1212 1205 1307 1251 1314 1764 1536 1102 1871 1147 1798 1426 1992 1899 1541 1874 1008 1185 1050 BCNSPRNW ULIB Ver.6.0+V

เปลี่ยนเป็นภาษาไทย

Change to English
 แสดงรายละเอียดบรรณานุกรม
  กลับหน้าหลัก

Brief Record : Get Marc (ISO 2709) : E-mail record : QR code < ปิดหน้าต่าง
LEADER : 00000nam 2200000uu 4500
001    13399124799
003     ULIB
008    160324s2016||||th 000 0 eng d
020    ^a9781284049008 (casebound)
060 04 ^aWT500^bL929 2016
245 00 ^aLubkin's chronic illness :^bimpact and intervention / ^cedited by Pamala D. Larsen
246 1  ^aChronic illness
250    ^a9th ed.
260    ^aBurlington, MA :^bJones & Bartlett Learning,^cc2016
300    ^axix, 635 p. :^bill. ;^c24 cm.
500    ^aPreceded by Chronic illness / edited by Ilene Morof Lubkin, Pamala D. Larsen. 8th ed. c2013
504    ^aIncludes bibliographical references and index
505 0  ^aChronicity -- The illness experience -- Psychosocial adjustment -- Loss -- Spirituality -- Social isolation -- Uncertainty -- Quality of life -- Adherence -- Family caregiving -- Sexuality -- Powerlessness -- Culture -- Self management -- Client and family education -- Health promotion -- The advanced practice nurse in chronic illness -- Complementary and alternative therapies -- Models of care -- Home health care -- Long-term care -- Palliative care -- Health policy -- Rehabilitation
650  2 ^aChronic Disease^xpsychology
650  2 ^aProfessional-Family Relations
650  2 ^aProfessional-Patient Relations
650  2 ^aTherapeutics
700 1  ^aLubkin, Ilene Morof
700 1  ^aLarsen, Pamala D.,^eed.
945    ^p4020^l0^i000348
999    ^aเกษร โพธิ์สุวรรณ
รายการนี้ยังไม่มีแท็ก
คุณยังไม่ได้ล็อกอิน คุณสามารถมีกิจกรรมร่วมกับเว็บไซต์ได้ แต่ต้องล็อกอินก่อน ::
  ล็อกอิน

รายการสื่อสารสนเทศ

ลำดับที่ ประเภท เลขเรียก/บาร์โค้ด สถานที่ สถานะ
1. Book การพยาบาล
Book การพยาบาล
WT500 L929 2016 ฉ.1 
  Barcode: 000348
ห้องสมุดวิทยาเขตสวรรค์ประชารักษ์
►หนังสือทั่วไป
บนชั้น

รายการใกล้เคียง
    หัวเรื่อง [Professional-Patient Relations]
    หัวเรื่อง [Therapeutics]

BibComment


ยังไม่เคยถูกคอมเมนท์

คอมเมนท์ทรัพยากรรายการนี้
  คอมเมนท์: Lubkins chronic ..


 Copyright 2026. Bcnsprnw @Library